000
00412nam a2200133Ia 4500
008
100328s9999 xx 000 0 und d
082
_b
62149
100
_a
गोवंडे श्रीकांत.
245
_a
फंचू फाकड्या.
260
_b
दिलीपराज.
630
_a
फंचू फाकड्या.
730
_a
फंचू फाकड्या.
942
_c
BOOK
999
_c
548167
_d
548164